00491nam a2200157 u 450000100100000000500170001000800410002702000180006804000250008610000350011124500450014626000340019130000210022550000700024699900170031600004661520201002053013.0170131s2009 mx r 000 0 eng d a9786071102263 aDO-SdBNPbspacBNPHU1 aNeuman, Andrésd1977-97461413aEl viajero del siglo /cAndrés Neuman. aMéxico :bAlfaguara,c2009. a531 p. ;c26 cm. aIncluye datos biográficos del autor en la solapa de la cubierta c46104d46104